000 004550000a22001810004500
003 MACL
005 20160113133359.0
008 160113b xxu||||| |||| 00| 0 eng d
040 _aMACL
_cMACL
041 _aEnglish
082 _a947.085/DOR
100 _aDornberg, John
_931814
245 _aBrezhnev
_bThe Masks of Power
260 _bVikas Publishing House
_c1974
_aDelhi
350 _a60
650 _aHistory
_931815
942 _cBK
_k947.085/DOR
_2ddc
999 _c35767
_d35767